Impact of Organizational Culture and Work-related Factors on Burnout Syndrome Among Public Sector Employees During COVID-19 Pandemic
Saved in:
| Main Author: | |
|---|---|
| Other Authors: | , , |
| Format: | Book Chapter |
| Language: | English |
| Subjects: | |
| Tags: |
No Tags, Be the first to tag this record!
|
MARC
| LEADER | 00000naa a2200000 4500 | ||
|---|---|---|---|
| 001 | 0307117 | ||
| 005 | 20250218122032.1 | ||
| 041 | 0 | |a eng | |
| 044 | |a CZ | ||
| 245 | 1 | 0 | |a Impact of Organizational Culture and Work-related Factors on Burnout Syndrome Among Public Sector Employees During COVID-19 Pandemic |c Vojtěch Koňařík, Jakub Vontroba, Kateřina Kashi, Veronika Kociánová |
| 610 | 2 | 0 | |a pandémia |
| 610 | 2 | 0 | |a práca |
| 610 | 2 | 0 | |a zamestnanci |
| 610 | 2 | 0 | |a sektor verejný |
| 610 | 2 | 0 | |a syndróm vyhorenia |
| 100 | 1 | |a Koňařík, Vojtěch | |
| 700 | 1 | |a Vontroba, Jakub | |
| 700 | 1 | |a Kashi, Kateřina | |
| 700 | 1 | |a Kociánová, Veronika | |